| 000 | 01095cam a2200241 4500 | ||
|---|---|---|---|
| 001 | ##L134230 | ||
| 008 | 060718n2006 000 0 eng u | ||
| 020 | _a0110738861 | ||
| 035 | _a(Sirsi) u134230 | ||
| 041 | 0 | _aeng | |
| 245 | 0 | 0 |
_aPublic procurement _bEngland and Wales _bPublic procurement _bNorthern Ireland _bThe utilities contracts regulations 2006 |
| 260 |
_aLondon _bTSO _c2006 |
||
| 490 | 0 |
_a(SI _v6, 2006) |
|
| 520 | _aThese regulations, which came into effect on 31 January 2006, implement the new Utilities Directive 2004/17/EC, which contains revised rules for procurement by public authorities in the utilities sector, and re-enact the provisions of existing directive 92/13/EEC, on remedies for the utilities sector. | ||
| 650 | 2 | 4 | _aUTILITIES CONTRACTS REGULATIONS 2006 |
| 650 | 2 | 4 | _aDIRECTIVE 2004/17/EC |
| 650 | 2 | 4 | _aDIRECTIVE 92/13/EEC |
| 651 | 4 |
_aEngland and Wales _y1543- |
|
| 651 | 4 | _aNORTHERN IRELAND | |
| 690 |
_aProcurement _96260 |
||
| 856 | 4 | 1 |
_uhttps://www.opsi.gov.uk/si/si2006/20060006.htm _zView the item free of charge at www.opsi.gov.uk... |
| 942 | _n0 | ||
| 999 |
_c105605 _d105605 |
||